000 00522cam a2200157 4500500
005 20251228090937.0
041 _afre
042 _adc
100 1 0 _aBruley, Pauline
_eauthor
700 1 0 _ade Vitry, Alexandre
_eauthor
245 0 0 _aVie de l’Amitié
260 _c2020.
500 _a47
786 0 _nBulletin de l’Amitié Charles Péguy | 172 | 4 | 2020-05-01 | p. 255-258 | 0180-8567
856 4 1 _uhttps://shs.cairn.info/revue-bulletin-de-lamitie-charles-peguy-2020-4-page-255?lang=fr&redirect-ssocas=7080
999 _c1602920
_d1602920